000 00757nam a2200253Ia 4500
003 OSt
005 20220925215446.0
006 a|||||r|||| 00| 0
007 ta
008 220923b |||||||| |||| 00| 0 eng d
020 _a0039104265
037 _cGeneral Book
040 _aRTL
_cRTL
_beng
041 _2eng
_aeng
082 _aX9:8, L2;M3
100 _aPappas James L
245 0 _aManagerial economics UK Ed adapted from 3rd US ed
260 _aLondon
_bHolt Rinehard and Winston UK
_c1983
300 _axiv, 561p. Bib chapterwise ; Appendix p 526-54
_ccm.
650 _aManagement
_930681
700 _a Brigham Eugene F
942 _hX9:8, L2;M3
_cGB
_2CC
999 _c568858
_d568858